000 00468cam a22001932a 4500
001 025070
003 AR-FADEU
008 311216n########xxu####################dd
092 _a304.2
_bB964
_eJLS
100 _aBurnet, Macfarlane
245 _aEl mamĂ­fero dominante
260 _aMadrid
260 _bAlianza
300 _a206 p
440 _aEl libro de bolsillo
_n429
500 _aIncluye bibliografĂ­a
650 _aECOLOGIA HUMANA/JLS/
942 _cJLS
999 _c30756
_d30756